000 00309nam a22000977a 4500
008 160512b xxu||||| |||| 00| 0 eng d
041 _aeng
080 _a616.12
245 _aHandbook of noninvasive diagnostic techniques in vascular surgery:
_cBook Y. Lee; Frieda S. Trainor; William R. Trainor;
942 _2udc
_cBK
999 _c2136
_d2136